000 00786nam a2200229 a 4500
999 _c12130
_d12130
001 12130
003 BD-JhCC
005 20210318104453.0
008 210318s20012013bg a|||| |||| 000 0 ben d
020 _a9848480994
035 _a(BD-JhCC)12130
040 _aBD-JhCC
_dBD-JhCC
041 _aben
082 _a006.696
_bAKA 2013
100 _aআকাশ, এম এম রহমান
245 _aডিজিটাল ভিডিও এডিটিং /
_c এম এম রহমান আকাশ
260 _aঢাকা :
_bসিসটেক পাবলিকেশন্স,
_c২০১৩
300 _a২৬৫ পৃ. :
_bচিত্রাবলী,
_c২৩ সেমি.
650 _aDigital video--Editing
650 _aComputer graphics
942 _2ddc
_cBK